000 00706nam a2200289Ia 4500
005 20260324130631.0
008 008 260324s9999 xx 000 0 eng d
020 _a9781003445876
037 _aEBOOK
040 _aCRL
040 _beng
040 _cCRL
041 _2eng
041 _aeng
084 _qCRL
100 _aBarbara E. Lovitts
_91182511
245 0 _aMaking the Implicit Explicit
245 0 _bCreating Performance Expectations for the Dissertation
260 _bTaylor and Francis
260 _c2007
365 _a
365 _b135
856 _uhttp://www.taylorfrancis.com/books/9781003445876
942 _cEBOOK
999 _c1778852
_d1778852